| 000 | 00705nam a22002417a 4500 | ||
|---|---|---|---|
| 003 | UA-OsUOA | ||
| 001 | 41570 | ||
| 007 | ta | ||
| 008 | 20061002b un ||||| |||| 00| 0 ukr d | ||
| 100 | _aЮзікова Н. С. | ||
| 090 |
_a347.97/99(477) _bЮ20 |
||
| 942 | _cBK | ||
| 040 |
_aUA-OsUOA _bukr _cUA-OsUOA _dUA-OsUOA |
||
| 245 |
_aСудові та правоохоронні органи України _bНавчальний посібник |
||
| 300 | _a320 с. | ||
| 955 | _a2 | ||
| 041 | _aukr | ||
| 080 | _a347.97/99(477) | ||
| 020 | _a966-7613-93-3 | ||
| 260 |
_aК. _bІстина _c2006 |
||
| 650 | 7 |
_a347 Цивільне право. Судовий устрій _2UDC |
|
| 999 |
_c327709 _d327709 |
||